| 000 | 01157nam a22002775a 4500 | ||
|---|---|---|---|
| 003 | OSt | ||
| 005 | 20170212142923.0 | ||
| 008 | 170205s2015 ua a frb 000 0 ara d | ||
| 015 | _a2013 / 11777 | ||
| 020 | _a9789777184304 | ||
| 020 | _z900302347 | ||
| 040 |
_aEG-ScBUE _bara _cEG-ScBUE |
||
| 043 | _aa-is--- | ||
| 082 | 0 | 4 |
_a338.95694 _bش ع ب _222 |
| 100 | 1 |
_aشعبان، أحمد بهاء الدين. _941791 |
|
| 245 | 1 | 2 |
_aالعلم والسيطرة : _bكيف استخدمت إسرائيل تقدمها العلمي والتكنولوجي لبسط هيمنتها على منطقتنا ؟ / _cأحمد بهاء الدين شعبان. |
| 260 |
_aالقاهرة : _bالمجلس الأعلى للثقافة، _c2015. |
||
| 300 |
_a294 ص : _bإيض ؛ _c24 سم. |
||
| 504 | _aيشتمل على إرجاعات الببليوجرافية. | ||
| 590 | _aWessam | ||
| 650 | 7 |
_aالتكنولوجيا والدولة. _2BUEsh _926390 |
|
| 651 | 7 |
_aإسرائيل _xالأحوال الاقتصادية. _2BUEsh _941792 |
|
| 651 | 7 |
_aإسرائيل _xالأحوال الاجتماعية. _2BUEsh _941793 |
|
| 653 |
_bBUSBOL _cFebruary2017 |
||
| 942 | _2ddc | ||
| 999 |
_c24069 _d24041 |
||